LEADER 00913nam a22002411i 4500 001 991003123829707536 005 20040607174803.0 008 040624s1982 fr a||||||||||||||||fre 035 $ab13027578-39ule_inst 035 $aARCHE-098525$9ExL 040 $aDip.to Beni Culturali$bita$cA.t.i. Arché s.c.r.l. Pandora Sicilia s.r.l. 082 04$a725.1809 100 1 $aAdam, Jean Pierre$0150264 245 12$aL'architecture militaire grecque /$cJean-Pierre Adam 260 $aParis :$bPicard,$c1982 300 $a263 p. :$bill. ;$c31 cm 650 4$aArchitettura militare$zGrecia antica 907 $a.b13027578$b02-04-14$c12-07-04 912 $a991003123829707536 945 $aLE001 AR II 75 4$g1$i2001000100774$lle001$nC. 1$o-$pE0.00$q-$rl$sm $t0$u0$v0$w0$x0$y.i13641918$z12-07-04 996 $aArchitecture militaire grecque$9288428 997 $aUNISALENTO 998 $ale001$b12-07-04$cm$da $e-$ffre$gfr $h2$i1 LEADER 02727oam 2200565 c 450 001 9910563064403321 005 20250513223433.0 024 7 $a10.3726/b12397 035 $a(CKB)4340000000238851 035 $a(oapen)https://directory.doabooks.org/handle/20.500.12854/31323 035 $a(PH02)9783954791088 035 $a(oapen)doab31323 035 $a(EXLCZ)994340000000238851 100 $a20240525d1994 uy 0 101 0 $ager 135 $aurnnunnnannuu 181 $ctxt$2rdacontent 182 $cc$2rdamedia 183 $acr$2rdacarrier 200 10$aStudie über die "Ch?opi" und Dorfnovellen W?adys?aw St. Reymonts$fPeter M. Boronowski 205 $a1st, New ed. 210 $aFrankfurt a.M$cPH02$d1994 215 $a1 online resource (384 p.)$c, EPDF 225 0 $aSlavistische Beitra?ge$v311 300 $aPeter Lang GmbH, Internationaler Verlag der Wissenschaften 311 08$a3-95479-108-0 327 $aReymont und das Bauerntum. Aspekte der literaturhistorischen Standortbestimmung Einfu?hrung in die Rezeptionsgeschichte der Erza?hlwerke - Literatur interpretation im Kontext der ba?uerlich-do?rflichen Erza?hlwerke Reymonts - Zur Bedeutung des erza?hlten Raumes fu?r die Makrostruktur des Romans "Ch?opi" - Zur Bedeutung des erza?hlten Zeit fu?r die Makrostruktur des Romans "Ch?opi" - Das Verha?ltnis von Erza?hler- und Figurenrede - Aspekte der Figurenkonzeption. Der literarische Held und sein Name im Roman "Ch?opi" - Zur Darstellung der Figurenhierarchie im Roman "Ch?opi" - Literarische Typologie bu?rgerlicher und ba?uerlicher Romanfiguren bei Reymont - Funktion und Bedeutung literarischer Stilmittel 330 $aIn der Reihe Slavistische Beitra?ge werden vor allem slavistische Dissertationen des deutschsprachigen Raums sowie vereinzelt auch amerikanische, englische und russische publiziert. Daru?ber hinaus stellt die Reihe ein Forum fu?r Sammelba?nde und Monographien etablierter Wissenschafter/innen dar. 606 $aLiterature & literary studies$2bicssc 610 $aBauerntum 610 $aBoronowski 610 $aBudreckis 610 $aCh?opi 610 $aDorfnovellen 610 $aliterarische Stilmittel 610 $aliteraturhistorische Standortbestimmung 610 $apolnische Literatur 610 $aReymonts 610 $aStudie 610 $aüber 610 $aW?adys 610 $aW?adys?aw 615 7$aLiterature & literary studies 700 $aBoronowski$b Peter M$4aut$01291851 801 0$bPH02 801 1$bPH02 906 $aBOOK 912 $a9910563064403321 996 $aStudie u?ber die "Ch?opi" und Dorfnovellen W?adys?aw St. Reymonts$94174549 997 $aUNINA